<?xml version='1.0' encoding='UTF-8'?><?xml-stylesheet href='static/style.xsl' type='text/xsl'?><OAI-PMH xmlns="http://www.openarchives.org/OAI/2.0/" xmlns:xsi="http://www.w3.org/2001/XMLSchema-instance" xsi:schemaLocation="http://www.openarchives.org/OAI/2.0/ http://www.openarchives.org/OAI/2.0/OAI-PMH.xsd"><responseDate>2026-05-13T22:10:24Z</responseDate><request verb="GetRecord" identifier="oai:ebiltegia.mondragon.edu:20.500.11984/4714" metadataPrefix="marc">https://ebiltegia.mondragon.edu/oai/request</request><GetRecord><record><header><identifier>oai:ebiltegia.mondragon.edu:20.500.11984/4714</identifier><datestamp>2024-01-04T21:57:00Z</datestamp><setSpec>com_20.500.11984_1736</setSpec><setSpec>com_20.500.11984_1627</setSpec><setSpec>col_20.500.11984_1972</setSpec></header><metadata><record xmlns="http://www.loc.gov/MARC21/slim" xmlns:dcterms="http://purl.org/dc/terms/" xmlns:xsi="http://www.w3.org/2001/XMLSchema-instance" xmlns:doc="http://www.lyncode.com/xoai" xsi:schemaLocation="http://www.loc.gov/MARC21/slim http://www.loc.gov/standards/marcxml/schema/MARC21slim.xsd">
   <leader>00925njm 22002777a 4500</leader>
   <datafield ind2=" " ind1=" " tag="042">
      <subfield code="a">dc</subfield>
   </datafield>
   <datafield ind2=" " ind1=" " tag="720">
      <subfield code="a">Mondragon Unibertsitatea</subfield>
      <subfield code="e">author</subfield>
   </datafield>
   <datafield ind2=" " ind1=" " tag="260">
      <subfield code="c">2016-06-17</subfield>
   </datafield>
   <datafield ind2=" " ind1=" " tag="520">
      <subfield code="a">Gaur, hilak 17, egin dute Ikus-entzunezko Komunikazioa graduko 4. mailako ikasleen Bukaerako Lanen (GBL) aurkezpen publikoa. Gainera, Aretxabaletako campusean egindako ekitaldian, Kimu Berrik saritu egin ditu GBL eta aurkezpen onenak. Aurtengo irabazleak izan dira Jon Garate eta Xabier Aztiria. Saridunek  350 euro eskuratu dituzte Haztegi ikastolarentzako egindako dokumentalarekin.</subfield>
   </datafield>
   <datafield ind2=" " ind1=" " tag="520">
      <subfield code="a">Hoy, día 17 de junio, se ha celebrado en el campus de Aretxabaleta la presentación de los Trabajos de Fin de Grado (TFG) de los estudiantes de cuarto curso del grado de Audiovisuales. Además, en el acto se ha hecho entrega de los premios Kimu Berri a los mejores trabajos. Los ganadores del primer premio (350 euros) han sido Xabier Aztiria y Jon Garate, por el trabajo realizado para la ikastola Haztegi de Legazpi.</subfield>
   </datafield>
   <datafield ind1="8" ind2=" " tag="024">
      <subfield code="a">https://www.flickr.com/photos/huhezi/albums/72157668934846710</subfield>
   </datafield>
   <datafield ind1="8" ind2=" " tag="024">
      <subfield code="a">https://hdl.handle.net/20.500.11984/4714</subfield>
   </datafield>
   <datafield tag="653" ind2=" " ind1=" ">
      <subfield code="a">Humanitate eta Hezkuntza Zientzien Fakultatea</subfield>
   </datafield>
   <datafield ind2="0" ind1="0" tag="245">
      <subfield code="a">Kimu Berrik saritu egin ditu 2015-2016 ikasturteko Ikus-entzunezko Komunikazioko ikasleen Gradu Bukaerako Lan onenak</subfield>
   </datafield>
   <datafield ind2="0" ind1="0" tag="245">
      <subfield code="a">Kimu Berri premia los mejores Trabajos de Fin de Grado de los estudiantes de Audiovisuales 2015-2016</subfield>
   </datafield>
</record></metadata></record></GetRecord></OAI-PMH>